MARC

LEADER 00000nam0a2200000 4500
001 317650
005 20231102003009.0
035 |a (RuTPU)RU\TPU\book\343118 
090 |a 317650 
100 |a 20160412d1978 m y0rusy50 ca 
101 0 |a rus 
102 |a RU 
105 |a a z 001zy 
200 1 |a Весенний призыв  |e киносценарий  |f А. А. Миндадзе 
210 |a Москва  |c Искусство  |d 1978 
215 |a 79 с.  |c ил. 
225 1 |a Библиотека кинодраматургии 
320 |a Фильмографическая справка: с. 78 
606 1 |a Киносценарии  |2 stltpush  |3 (RuTPU)RU\TPU\subj\14378  |9 40779 
610 1 |a художественные фильмы 
610 1 |a Великая Отечественная война 1941-1945 
610 1 |a сценарии 
610 1 |a СССР 
610 1 |a Россия 
675 |a 791.43.05:008  |v 4 
700 1 |a Миндадзе  |b А. А.  |g Александр Анатольевич 
801 1 |a RU  |b 63413507  |c 20160412 
801 2 |a RU  |b 63413507  |c 20160517  |g RCR 
942 |c BK